00566nam a2200181 450000500170000001000150001702000260003203500140005803700280007208200080010010000160010824500460012425000060017026000340017627001020021030000240031250000480033620240709151659.0 aENG-140867 a9788179308950c305.00 aEN-124399 bSpectrum Books (P) Ltd. a954 aKumar, Ajit aHistory of Medieval India/cby Ajit Kumar a1 aNew DelhibTulika Booksc2024 aA1 291, First Floor, JanakpuribNew Delhie110058k01125507922k9958327924minfo@spectrumbooks.in avii,348p.c24cm(pb) aFor Civil Services Preliminary Examinations